000 00305nam a2200133Ia 4500
008 240624s9999 xx 000 0 und d
041 _aeng
082 _a332.67 ROG
100 _aROGERS JIM
245 _aBULL IN CHINA
260 _c2007
_aNew Jersey
_bWiley
300 _a221 p.; 21 cm.
365 _c
_b28
999 _c29633
_d29633